000 01910nam0a2200385 i 4500
001 RU\NLR\bibl\2060321
005 20240921135204.0
010 _a9785769597091
_91000
021 _aRU
_b2013-51392
_93562
035 _a(nilc)RuMoRGB-006599382
035 _a(NLR Aleph) 002047076
090 _a4623698
_c4623698
100 _a20100809d2013 u y0rusy50 ca
101 0 _arus
102 _aRU
105 _aa |||||||||
200 1 _aТеория и методика развития детского изобразительного творчества
_eучебное пособие для использования в учебном процессе образовательных учреждений, реализующих программы среднего профессионального образования
_fС. В. Погодина
205 _a4-е изд., стер.
210 _aМосква
_cАкадемия
_d2013
215 _a350, [1] с., [4] л. ил., цв. ил.
_cил.
_d22
225 1 _aСреднее профессиональное образование
_iПедагогическое образование
225 1 _aУчебное пособие
225 1 _aСоответствует ФГОС
320 _aБиблиогр.: с. 348-349
606 1 _aДошкольники
_jУчебные издания для среднего профессионального образования
_xОбучение изобразительному искусству
_92561690
_3RU\NLR\auth\661515328
686 1 _aЧ411.355.82я7
700 1 _aПогодина
_bС. В.
_gСветлана Викторовна
_4070
801 0 _aRU
_bRuMoRKP
_c20100809
_gRCR
801 2 _aRU
_bРГБ
_c20130703
_grcr
801 1 _aRU
_bRuMoRKP
_c20100809
_2rusmarc
801 2 _aRU
_bNLR
_c20130806
_grcr
942 _cBOOK
980 _aNBR